00740nam a2200205 a 450000100060000000300090000600800410001502000150005604000280007108200160009910000210011524501190013626000320025530000070028750501730029465000190046765000100048665000140049665000240051021393CO-ViMGA141112s2004 ck r 000 u spa d a8479533382 aCO-ViMGAbspacCO-ViMGA04a158.1 J645q1 aJohnson, Spencer10aQuien se ha llevado mi queso? : bUna manera sorprendente de afrontar el cambio en el trabajo y en la vida privada aBuenos Aires; Urano, c1999 a93 aLa historia que hay detrpas del cuento 15 - - Un cuento : Quien se ha llevado mi queso? 27 - - Cuatro personajes 32 - - El debate : Ese mismo día más tarde.... 79 14aESTILO DE VIDA14aEXITO14aFELICIDAD14aPSICOLOGIA APLICADA